00534nam a2200193Ia 4500008004100000041001200041082001200053100005400065245004300119260002800162300000800190365000800198520001200206546001200218630004300230650001200273655001200285730004300297101110s9999 xx 000 0 und d aENGLISH bSR33677 aBhole K.G., Shroff Adarsh, Ranade A.J. and others aA new course in physics Vol. III FYBSc c2010bSheth pub, Mumbai a167 b100 aPhysics aENGLISH aA new course in physics Vol. III FYBSc aPhysics aPhysics aA new course in physics Vol. III FYBSc